О некоторых опытах плавления известковомагнезиальных силикатов и сульфатов: отдельный оттиск

التفاصيل البيبلوغرافية
المؤلف الرئيسي: Гинзберг А. С. Александр Семёнович
مؤلف مشترك: Санкт-Петербургский политехнический институт
الملخص:Текст в русской дореформенной орфографии
اللغة:الروسية
منشور في: Санкт-Петербург, [Б. и.], 1907
سلاسل:Известия Санкт-Петербургского Политехнического института Императора Петра Великого
الموضوعات:
التنسيق: كتاب
KOHA link:https://koha.lib.tpu.ru/cgi-bin/koha/opac-detail.pl?biblionumber=358068

MARC

LEADER 00000nam0a2200000 4500
001 358068
005 20231102011045.0
035 |a (RuTPU)RU\TPU\retro\15336 
090 |a 358068 
100 |a 20200812d1907 k y0rusy50 ca 
101 0 |a rus 
102 |a RU 
105 |a a z 000zy 
200 1 |a О некоторых опытах плавления известковомагнезиальных силикатов и сульфатов  |e отдельный оттиск  |f А. С. Гинзберг  |g Санкт-Петербургский политехнический институт 
210 |a Санкт-Петербург  |c [Б. и.]  |d 1907 
215 |a 507 с.  |c ил. 
225 1 |a Известия Санкт-Петербургского Политехнического института Императора Петра Великого 
300 |a Текст в русской дореформенной орфографии 
316 |5 63413507: 39//5115  |a На обложке дарственная надпись: "Многоуважаемому профессору Лаврскому от автора" 
317 |5 63413507: 39//5115  |a Поступил в НТБ в 1945 г. в составе книжного собрания профессора ТПИ А. В. Лаврского 
606 1 |a Силикаты  |x Термохимия  |2 stltpush  |3 (RuTPU)RU\TPU\subj\54769  |9 72864 
610 1 |a сульфаты 
610 1 |a плавление 
610 1 |a плавкость 
610 1 |a опыты 
610 1 |a Коллекция А. В. Лаврского 
610 1 |a дарственные надписи 
610 1 |a дары автора 
610 1 |a оттиски 
675 |a 546.284  |v 4 
700 1 |a Гинзберг  |b А. С.  |c российский химик, фармацевт, педагог  |c профессор Санкт-Петербургского женского медицинского института  |f 1870-1937  |g Александр Семёнович  |2 stltpush  |3 (RuTPU)RU\TPU\pers\39782  |9 21084 
712 0 2 |a Санкт-Петербургский политехнический институт  |c (1899-1910)  |2 stltpush  |3 (RuTPU)RU\TPU\col\27606  |9 28772 
801 1 |a RU  |b 63413507  |c 20200812 
801 2 |a RU  |b 63413507  |c 20211008  |g RCR 
942 |c BK